00621nam a22001697a 4500008004100000020001500041040005500056080002000111100001900131245006600150260004100216300001000257650001200267942001200279999001700291952014300308230504b |||||||| |||| 00| 0 eng d a0856260886 aNational Science LibrarycNational Science Library a541.1161.6 bL6 aBalta, P98271 aIntroduction to the physical chemistry of the vitreous state  aRomania: bEditura Academiei, c1976 a287p. aScience 2udccBK c26909d26909 00102udc40654111616_L670939595aNSLbNSLcGF/Rk-6/C-13/R-5d1984-08-16l0o541.1161.6 L6p104592r2023-05-04 00:00:00w1984-08-16yBK